| 000 | 00570nam a2200121Ia 4500 | ||
|---|---|---|---|
| 008 | 220615s9999||||xx |||||||||||||| ||und|| | ||
| 245 | 0 |
_aHumour and Laughter in History _bTranscultural Perspectives |
|
| 546 | _aEnglish[eng] | ||
| 650 | _aHistory||History||Humour||War||Caricature||Film||Transculture||Cultural History||Memory Culture||Cultural Studies | ||
| 700 | _aCheauré, Elisabeth||Nohejl, Regine | ||
| 856 | _uhttps://library.oapen.org/bitstream/20.500.12657/25379/1/1004717.pdf||https://library.oapen.org/bitstream/20.500.12657/25379/1/1004717.pdf | ||
| 942 | _cEB | ||
| 999 |
_c16751 _d16751 |
||